000 00436pab a2200133 454500
008 180718b2005 xxu||||| |||| 00| 0 eng d
100 _aLoveday, Barry
245 _aPerformance management: threat or opportunity?: current problems surrounding the application of performance management to public services in England and Wales
260 _c2005
300 _ap.97-102.
650 _aPolice
773 _aPolice Journal
909 _a67720
999 _c67720
_d67720